01834nam a2200325 4500001000400000003000400004005001700008008004100025020001800066040000800084041001300092082001700105100001500122240004800137245015100185260003400336300001600370490004000386520084700426650002501273650001901298650001701317650001301334650002101347655001201368655001601380700004501396700002701441830004001468331OSt20250528074018.0250327b |||||||j |||| 00| 1 eng d a9788539513253 bPor hengapor a028.5bS879c aStone, Rex aDinosaur Cove: Filght of the Winged Serpent aA Caverna dos Dinossauros bO voo da serpente alada / cStone, Rex ; tradução de Barbara Sampaio Vieira Duarte e ilustração de Mike Spoor aSão PaulobFundamentoc2015 a56 p.bil. 1 aA Caverna dos Dinossauros vLivro 4 aDurante a construção de uma maquete para o novo Museu dos Dinossauros, Jamie descobre um fato raro. O pai dele, um grande especialista em dinossauros, tem uma dúvida sobre um animal pré-histórico! E Jamie sabe exatamente onde encontrar a resposta para essa dúvida. Assim, ele e Tom, seu amigo, partem para o Mundo dos Dinossauros. A missão dos dois é encontrar o quetzalcoatlus, um imenso dinossauro alado, e descobrir onde essa espécie de nome bem complicado constrói seus ninhos. Com a ajuda do Descobridor de Fósseis, eles logo encontram o dino voador. Mas nada é tão simples no Mundo dos Dinossauros... O quetzalcoatlus captura Wanna, o dinossauro amigo dos garotos, e o leva para o ninho cheio de filhotes. Será que Wanna vai virar refeição de pequenas serpentes aladas? Bem, só lendo para saber...  0aLiteratura Americana 0aInfantojuvenil 0aDinossauros  0aAventura 0aGrandes Amizades 0aRomance 0aFicção  aBarbara Sampaio Vieira DuarteeTRADUTORA aMike SpooreIlustrador aA Caverna dos Dinossauros vLivro 4